Incidencia de la gestión directiva en la calidad de los aprendizajes de los estudiantes del segundo ciclo, nivel secundario del Liceo Enriquillo modalidad general, Duvergé, provincia Independencia, 2024-2025 / (Record no. 9946)
[ view plain ]
| 000 -LEADER | |
|---|---|
| campo de control de longitud fija | 01276nam a22002897a 4500 |
| 001 - NÚMERO DE CONTROL | |
| campo de control | 9946 |
| 003 - IDENTIFICADOR DE NÚMERO DE CONTROL | |
| campo de control | UCATEBA |
| 005 - FECHA Y HORA DE LA ÚLTIMA TRANSACCIÓN | |
| campo de control | 20250901124204.0 |
| 006 - CÓDIGOS DE INFORMACIÓN DE LONGITUD FIJA--CARACTERÍSTICAS DEL MATERIAL ADICIONAL | |
| campo de control de longitud fija | a |
| 007 - CAMPO FIJO DE DESCRIPCIÓN FÍSICA--INFORMACIÓN GENERAL | |
| campo de control de longitud fija | a |
| 008 - DATOS DE LONGITUD FIJA--INFORMACIÓN GENERAL | |
| campo de control de longitud fija | 250901b |||||||| |||| 00| 0 eng d |
| 040 ## - FUENTE DE CATALOGACIÓN | |
| Centro catalogador/agencia de origen | DO-BaUCT |
| Lengua de catalogación | spa |
| Centro/agencia transcriptor | DO-BaUCT |
| Normas de descripción | rda |
| 041 0# - CÓDIGO DE IDIOMA | |
| Código de lengua del texto/banda sonora o título independiente | spa |
| Código de lengua original | spa |
| 090 0# - LOCALMENTE ASIGNADO TIPO-LC NÚMERO DE CLASIFICACIÓN (OCLC); NÚMERO DE CLASIFICACIÓN LOCAL (RLIN) | |
| Número de clasificación (OCLC) (R) ; Numero de clasificación, CALL (RLIN) (NR) | 01-EDU-MGC 001-2025 |
| 100 1# - ENTRADA PRINCIPAL--NOMBRE DE PERSONA | |
| Nombre de persona | Terrero Urbáez, Sugey Elizabeth, |
| Término indicativo de función/relación | autor |
| 245 10 - MENCIÓN DEL TÍTULO | |
| Título | Incidencia de la gestión directiva en la calidad de los aprendizajes de los estudiantes del segundo ciclo, nivel secundario del Liceo Enriquillo modalidad general, Duvergé, provincia Independencia, 2024-2025 / |
| Mención de responsabilidad, etc. | Sugey Elizabeth Terrero Urbáez, Betzaida Pérez Pierre ; asesor: Máximo Pineda Andújar. |
| 300 ## - DESCRIPCIÓN FÍSICA | |
| Extensión | ix, 148hojas ; |
| Dimensiones | 28cm |
| 336 ## - TIPO DE CONTENIDO | |
| Fuente | rdacontent |
| Término de tipo de contenido | texto |
| Código de tipo de contenido | txt |
| 337 ## - TIPO DE MEDIO | |
| Fuente | rdamedia |
| Nombre/término del tipo de medio | sin mediación |
| Código del tipo de medio | n |
| 338 ## - TIPO DE SOPORTE | |
| Fuente | rdacarrier |
| Nombre/término del tipo de soporte | volumen |
| Código del tipo de soporte | nc |
| 502 ## - NOTA DE TESIS | |
| Nota de tesis | Tesis de Postgrado (Maestría en Gestión de Centro Educativo) --UCATEBA-- Departamento de Postgrado, año 2025 |
| 504 ## - NOTA DE BIBLIOGRAFÍA, ETC. | |
| Nota de bibliografía, etc. Nota | Incluye Bibliografía |
| 650 #4 - PUNTO DE ACCESO ADICIONAL DE MATERIA--TÉRMINO DE MATERIA | |
| Fuente del encabezamiento o término | Armarc |
| Término de materia o nombre geográfico como elemento de entrada | Gestión Directiva en la Calidad de los Aprendizajes |
| 700 1# - ENTRADA AGREGADA--NOMBRE PERSONAL | |
| Nombre de persona | Pérez Pierre, Betzaida, |
| Término indicativo de función/relación | autor |
| 700 1# - ENTRADA AGREGADA--NOMBRE PERSONAL | |
| Nombre de persona | Pineda Andújar, Máximo, |
| Término indicativo de función/relación | asesor |
| 942 ## - ELEMENTOS DE ENTRADA SECUNDARIOS (KOHA) | |
| Fuente de la clasificación o esquema de estantería | Clasificación Decimal Dewey |
| Tipo de ítem Koha | Tesis |
| Parte de clasificación | 01-EDU-MGC 001-2025 |
| Prefijo de la signatura | 01-EDU-MGC |
| Sufijo de signatura topográfica | 001-2025 |
| Suprimir en OPAC | No |
| Estatus retirado | Estado de pérdida | Fuente de la clasificación o esquema de estantería | Estado de daño | No para préstamo | Colección | Biblioteca de origen | Biblioteca actual | Fecha de adquisición | Fuente de adquisición | Total de préstamos | Signatura topográfica completa | Código de barras | Visto por última vez | Fecha del último préstamo | Copia número | Precio de reemplazo | Tipo de ítem Koha |
|---|---|---|---|---|---|---|---|---|---|---|---|---|---|---|---|---|---|
| Clasificación Decimal Dewey | Acervo general de Libros | Biblioteca Central Mons. Favio M. Rivas S. | Biblioteca Central Mons. Favio M. Rivas S. | 01/09/2025 | Donado | 1 | 01-EDU-MGC 001-2025 | 000000013273 | 12/11/2025 | 12/11/2025 | 1 | 01/09/2025 | Tesis |
